Detalles MARC
| 000 -CABECERA |
| campo de control de longitud fija |
00937nam a2200241 a 4500 |
| 001 - NÚMERO DE CONTROL |
| campo de control |
000022332 |
| 005 - FECHA Y HORA DE LA ÚLTIMA TRANSACCIÓN |
| campo de control |
20210615115148.0 |
| 008 - DATOS DE LONGITUD FIJA--INFORMACIÓN GENERAL |
| campo de control de longitud fija |
100927s2004 dr a 000 0 spa d |
| 020 ## - NÚMERO INTERNACIONAL ESTÁNDAR DEL LIBRO |
| Número Internacional Estándar del Libro |
9993430552 |
| 040 ## - FUENTE DE LA CATALOGACIÓN |
| Centro catalogador/agencia de origen |
DO-SdBNP |
| Lengua de catalogación |
spa |
| Centro/agencia transcriptor |
BNPHU |
| 082 ## - NÚMERO DE LA CLASIFICACIÓN DECIMAL DEWEY |
| Número de clasificación |
330.98 |
| Número de documento/Ítem |
P592d |
| 100 1# - ENTRADA PRINCIPAL--NOMBRE DE PERSONA |
| Nombre de persona |
Pichardo Muñiz, Arlette, |
| Fechas asociadas al nombre |
1957- |
| 9 (RLIN) |
4580 |
| 245 10 - MENCIÓN DE TÍTULO |
| Título |
12 ensayos de futuro sobre economía y sociedad / |
| Mención de responsabilidad, etc. |
Arlette Pichardo Muñiz ; prólogo Olman Segura. |
| 246 13 - FORMA VARIANTE DE TÍTULO |
| Título propio/Titulo breve |
Doce ensayos de futuro sobre economía y sociedad |
| 260 ## - PUBLICACIÓN, DISTRIBUCIÓN, ETC. |
| Lugar de publicación, distribución, etc. |
Santo Domingo : |
| Nombre del editor, distribuidor, etc. |
Banco Central de la República Dominicana, |
| Fecha de publicación, distribución, etc. |
2004. |
| 300 ## - DESCRIPCIÓN FÍSICA |
| Extensión |
259 p. : |
| Otras características físicas |
il. ; |
| Dimensiones |
23 cm. |
| 490 1# - MENCIÓN DE SERIE |
| Mención de serie |
Banco Central de la Republica Dominicana |
| Designación de volumen o secuencia |
64 |
| 490 1# - MENCIÓN DE SERIE |
| Mención de serie |
Ciencias sociales |
| Designación de volumen o secuencia |
13 |
| 590 ## - NOTA LOCAL (RLIN) |
| Nota local |
Inventariado, 2018/VM |
| 700 1# - PUNTO DE ACCESO ADICIONAL--NOMBRE DE PERSONA |
| Nombre de persona |
Segura, Olman, |
| Término indicativo de función/relación |
pról. |
| 9 (RLIN) |
46090 |
| 830 #0 - PUNTO DE ACCESO ADICIONAL DE SERIE-TÍTULO UNIFORME |
| Título uniforme |
Banco Central de la Republica Dominicana |
| Designación de volumen o secuencia |
64 |
| Nombre de parte o sección de la obra |
Ciencias sociales; 13 |
| 9 (RLIN) |
46091 |
| 910 ## - DATOS DE OPCIÓN DEL USUARIO (OCLC) |
| Datos de opción del usuario |
Validado. Control de calidad. MFF |